000 01172nam a22002417a 4500
999 _c6572
_d6572
003 OSt
005 20200220160511.0
008 200220s2013 ck o|||gr|||| 00| 0bspa d
020 _a9789588088587
040 _aCO-JMCR
_cCO-JMCR
082 0 4 _a927.96 /
_bB234l
100 1 _aBarbosa Delgado, Francisco Roberto,
_eautor
_9819
245 _aLuis Fernando Montoya :
_b"el campeón de la vida" /
_cFrancisco Roberto Barbosa Delgado
260 _aBogotá :
_bPersonería de Bogotá,
_c2013
300 _a32 páginas :
_bfotografías a blanco y negro ;
_c21 cm.
490 _aColección maestros.
_aDerechos y deberes individuo y sociedad.
504 _aBibliografia: páginas 32.
520 _aLuis Fernando Montoya no es solo un director técnico de fútbol que con su talento permitió que su equipo, el Once Caldas, se consagra campeón de la Copa Libertadores de América, Luis Fernando Montoya es mucho más que eso, es uno de los colombianos ejemplares de nuestro tiempo. Es un ser humano digno de emular.
650 1 4 _aBiografía
_zColombia
_9820
650 1 4 _aBiografía
_xFútbol
_9821
650 1 4 _aBiografía
_xLuis Fernando Montoya
_9822
942 _2ddc
_cBK